polskie kolonie - Statystyki

Ogólne statystyki
  • Ten quiz został rozwiązany 126 razy
  • Średni wynik to 3 z 16
Statystyki odpowiedzi
kontynent państwa % Poprawnych
Afryka Gambia
69%
Afryka Madagaskar
57%
Ameryka półdniowa Trinidad i Tobago
35%
Europa Białoruś
30%
Europa ukrainna
30%
Afryka Kamerun
24%
Europa Łotwa
23%
oceania Fidżi
13%
oceania Papua nowa gwinea
12%
Afryka Tanzania
5%
Azja wybrzeże chin
5%
Ameryka północna Barbados
4%
Europa Bornholm
2%
Europa Cypr
2%
Azja Taiwan
2%
OCEANIA jedna wyspa z amfibolitu Kiribati
1%
Nie znaleziono quizów pasujących do podanych kryteriów
Rozkład punktacji
Procent ludzi z każdym wynikiem
Percentyl według liczby udzielonych odpowiedzi
Twoja historia wyników
Nie rozwiązałeś tego quizu